Những bài giảng về xã hội học

Na minha lista:
Detalhes bibliográficos
Formato: Livro
Idioma:Undetermined
Publicado em: Hà Nội Thống kê 2006
Assuntos:
Tags: Adicionar Tag
Sem tags, seja o primeiro a adicionar uma tag!
Thư viện lưu trữ: Trung tâm Học liệu Trường Đại học Cần Thơ
LEADER 00611nam a2200205Ia 4500
001 CTU_101261
008 210402s9999 xx 000 0 und d
020 |c 210000 
082 |a 301 
082 |b Nh556 
245 0 |a Những bài giảng về xã hội học 
245 0 |c Kidd Warren ... [et al.] ; Nguyễn Kiên Trường biên dịch 
260 |a Hà Nội 
260 |b Thống kê 
260 |c 2006 
526 |a Xã hội học đại cương 
526 |b XH028 
650 |a Sociology 
904 |i Tuyến 
980 |a Trung tâm Học liệu Trường Đại học Cần Thơ